| 000 | 01519 a2200253 4500 | ||
|---|---|---|---|
| 003 | Nust | ||
| 005 | 20220812105200.0 | ||
| 010 | _a 99018043 | ||
| 020 | _a089006797X (alk. paper) | ||
| 035 | _a(DLC) 99018043 | ||
| 040 | _cNust | ||
| 082 | 0 | 0 | _a621.381325,ABR |
| 100 | 1 |
_aAbrie, Pieter L. D. _956737 |
|
| 245 | 1 | 0 |
_aDesign of RF and microwave amplifers and oscillators / (Include Floppy Disk) _cPieter L.D. Abrie. |
| 260 |
_aBoston : _bArtech House, _cc1999. |
||
| 300 |
_axvii, 480 p. : _bill. ; _c24 cm. + _e1 computer disk (3 1/2in.) |
||
| 440 | 0 |
_aArtech House microwave library _928737 |
|
| 505 | _aCharacterization and Analysis of Linear Circuits at RF and Microwave Frequencies (Page-1), Characterization and Analysis of Active Circuits at RF and Microwave Frequencies (Page-47), Radio-Frequency Components (Page-91), Narrowband Impedance-Matching with LC Networks (Page-125), Coupled Coils and Transformers (Page-151), Transmission-Line Transformers (Page-179), Film Resistors and Single-Layer Parallel-Plate Capacitors (Page-217), The Design of Wideband Impedance-Matching Networks (Page-239), Microwave Lumped Elements, Distributed Equivalents, and Micro strip Parasitic (Page-321), The Design of Radio-Frequency and Microwave Amplifiers and Oscillators (Page-359), | ||
| 650 | 0 |
_aOscillators, Microwave _xDesign and construction. _996950 |
|
| 650 | 0 |
_aPrinted circuits. _996951 |
|
| 650 | 0 | _aTelecommunication Engineering. | |
| 651 |
_a(Include Floppy Disk) _993875 |
||
| 942 |
_cREF _2ddc |
||
| 999 |
_c175647 _d175647 |
||